Understanding how people learn

Αποθηκεύτηκε σε:
Λεπτομέρειες βιβλιογραφικής εγγραφής
Κύριος συγγραφέας: Reay, David G.
Μορφή: Βιβλίο
Γλώσσα:English
Δημοσίευση: New Jersey : Kogan Page, 1994
Σειρά:Competent trainer's tool kit series
Θέματα:
Ετικέτες: Προσθήκη ετικέτας
Δεν υπάρχουν, Καταχωρήστε ετικέτα πρώτοι!

MARC

LEADER 00000nam a2200000 i 4500
001 1/86551
008 990715s1994 eng d
020 |a 0-7494-1284-4 
035 |l 10052101 
040 |a GR-MY-UA  |b gre  |e aacr 
041 0 |a eng 
082 0 |a 153.15 
100 1 |a Reay, David G. 
245 1 0 |a Understanding how people learn /  |c David G. Reay 
260 |a New Jersey :   |b Kogan Page,   |c 1994 
300 |a 93 p. 
490 1 |a Competent trainer's tool kit series 
650 0 0 |a Learning, Psychology of. 
650 0 0 |a Educational psychology. 
650 0 0 |a Employees  |x Training of. 
830 0 |a Competent trainer's tool kit series 
852 |a INST  |b RHODES  |e 19990715  |h 153.15 REA  |p 005400014592  |q 005400014592  |t BK  |y 0 
901 |a BIBL4-1999-2 
909 |a Ρ  |b 065561 
922 |a 4ΕΛΗ  |b 199905  |c ΚΠΣ/154  |d LEADER 
970 |z 1999/07/15